[Event "Calcutta"]
[Site "Calcutta"]
[Date "1998.??.??"]
[Round "4"]
[White "Thipsay, Praveen Mahadeo"]
[Black "Komliakov, Viktor"]
[Result "1/2-1/2"]
[WhiteElo "2515"]
[BlackElo "2510"]

1.e4 g6 2.d4 Bg7 3.Nc3 c6 4.Nf3 d5 5.h3 Nf6 6.Bd3 dxe4 7.Nxe4 Nxe4 8.Bxe4 Nd7
9.O-O c5 10.c3 O-O 11.Bc2 a6 12.Bg5 cxd4 13.Nxd4 Nf6 14.Re1 Re8 15.Qf3 Qb6
16.Bb3 e5 17.Nc2 Bf5 18.Ne3 e4 19.Qe2 Be6 20.Nc4 Qc7 21.Bxf6 Bxf6 22.Qxe4 Kg7
23.Qd3 Rad8 24.Qf1 Bg5 25.Rad1 b5 26.Rxd8 Rxd8 27.Ne5 Bxb3 28.axb3 Bf6 29.Nf3 Qd6  1/2-1/2

[Event "Cap d'Agde op"]
[Site "Cap d'Agde"]
[Date "1998.??.??"]
[Round "3"]
[White "Sarthou, Gaetan"]
[Black "Finkel, Alexander"]
[Result "1/2-1/2"]
[WhiteElo "2305"]
[BlackElo "2500"]

1.e4 g6 2.d4 Bg7 3.Nc3 c6 4.Be3 d5 5.Qd2 dxe4 6.Nxe4 Bf5 7.Ng3 Be6 8.Nf3 Bd5
9.Be2 Nd7 10.c4 Bxf3 11.Bxf3 Ngf6 12.O-O O-O 13.Be2 Re8 14.f4 e6 15.Bf3 Nb6
16.b3 Nc8 17.Ne2 Nd6 18.g4 Qc7 19.Ng3 Rad8 20.Qg2 Rc8 21.Rac1 Rcd8 22.Rfe1 Kh8
23.Nh1 Nd7 24.Nf2 f6 25.c5 Nc8 26.Ne4 f5 27.Ng5 Nf8 28.gxf5 exf5 29.Bf2 h6
30.Nh3 Rxe1+ 31.Rxe1 Ne7 32.Kh1 Bf6 33.b4 Qd7 34.b5 Kh7 35.a4 Ne6 36.bxc6 bxc6
37.Bxc6 Nxc6 38.d5 Ned4 39.dxc6 Nxc6 40.Rg1 Ne7 41.Rb1 Qxa4 42.c6 Nxc6 43.Rb7+ Bg7
44.Rc7 Rd6 45.Bc5 Rd1+ 46.Ng1 Nd4 47.Rxg7+ Kxg7 48.Qb7+ Kg8 49.Qc8+ Kh7 50.Qc7+ Kg8
51.Qd8+ Kh7 52.Qe7+ Kg8 53.Qf8+ Kh7 54.Qf7+  1/2-1/2

[Event "Cappelle op"]
[Site "Cappelle la Grande"]
[Date "1998.??.??"]
[Round "6"]
[White "Saltaev, Mihail"]
[Black "Van Mil, Johannes A J"]
[Result "1-0"]
[WhiteElo "2510"]
[BlackElo "2435"]

1.e4 g6 2.d4 Bg7 3.Nc3 c6 4.f4 d5 5.e5 Nh6 6.Be3 f6 7.Nf3 Bg4 8.Be2 O-O 9.O-O Nf5
10.Bf2 Bh6 11.g3 Nd7 12.Qd3 fxe5 13.dxe5 e6 14.h4 Qe7 15.Ng5 Bxe2 16.Qxe2 Bxg5
17.hxg5 Qb4 18.Nd1 a6 19.b3 Rf7 20.a3 Qf8 21.Kg2 Qg7 22.Nb2 Raf8 23.Nd3 Rc8
24.b4 Qf8 25.a4 b6 26.a5 b5 27.c3 Rc7 28.g4 Ne7 29.Bc5 Nxc5 30.Nxc5 Qc8 31.Rad1 Rf8
32.Rd4 Kh8 33.Rh1 Ng8 34.Qd3 Rg7 35.Qh3 Ne7 36.Kf3 Kg8 37.Ke3 Rff7 38.Kd3 Kf8
39.Kc2 Kg8 40.Kb3 Rf8 41.Qg3 Rgf7 42.Rh6 Rg7 43.Qh2 Rff7 44.Rd3 Kh8 45.Qd2 Ng8
46.Rh1 Ne7 47.Rdh3 Kg8 48.Qd4 Kf8 49.Ka3 Ke8 50.Rf1 Kf8 51.Rff3 Ke8 52.Rh4 Kf8
53.Rfh3 Kg8 54.Rh6 Kf8 55.f5 exf5 56.e6 fxg4 57.Nd7+  1-0

[Event "Cappelle op"]
[Site "Cappelle la Grande"]
[Date "1998.??.??"]
[Round "7"]
[White "Suetin, Alexey S"]
[Black "Iordachescu, Viorel"]
[Result "1/2-1/2"]
[WhiteElo "2390"]
[BlackElo "2520"]

1.e4 g6 2.d4 Bg7 3.Nc3 c6 4.f4 d5 5.e5 Nh6 6.Nf3 f6 7.Be2 Bg4 8.Be3 e6 9.O-O O-O
10.exf6 Qxf6 11.Ne5 Bxe2 12.Qxe2 Qe7 13.Na4 Nd7 14.Nxd7 Qxd7 15.Nc5 Qe7 16.c3 b6
17.Nd3 Nf5 18.Rae1 Rae8 19.Bc1 Nd6 20.a4 Qc7 21.Be3 Re7 22.Kh1 a5 23.Rf3 Ne4
24.Nf2 Nd6 25.Nd3 Qc8 26.Bg1 Qa6 27.Qc2 Qb7 28.Rfe3 Qc8 29.R3e2 Bh6 30.Be3 Qc7
31.g3 Bg7 32.b3 Rc8 33.h4 Ne4 34.Kh2 Nf6 35.Nf2 Qd6 36.c4 Qd8 37.c5 Rb8 38.Bd2 Kf7
39.b4 axb4 40.Bxb4 b5 41.a5 Qh8 42.Qd2 Nd7 43.Rd1 Ra8 44.Ng4 Qc8 45.Ne5+ Kg8
46.Nxd7 Qxd7 47.Kg2 Qe8 48.Qd3 Qf7 49.Rde1 Rae8 50.Bc3 Rb7 51.Bb4 Ra7 52.Rd1 Qf5
53.Qxf5 gxf5 54.Kf3 h5 55.Ra2 Kf7 56.Rd3 Bf6  1/2-1/2

[Event "Ceske Budejovice op"]
[Site "Ceske Budejovice"]
[Date "1998.??.??"]
[Round "?"]
[White "Dovzik, Juri"]
[Black "Vokac, Marek"]
[Result "1/2-1/2"]
[WhiteElo "2390"]
[BlackElo "2525"]

1.e4 g6 2.d4 Bg7 3.Nc3 c6 4.h3 d6 5.Nf3 Nf6 6.Bd3 O-O 7.O-O Nbd7 8.Re1 e5
9.Bf1 Re8 10.dxe5 dxe5 11.Be3 Qe7 12.Nd2 b5 13.Qf3 Nc5 14.Rad1 Ne6 15.Nb3 a5
16.a4 b4 17.Nb1 c5 18.Bb5 Bd7 19.Bxd7 Nxd7 20.Qe2 Nd4 21.Bxd4 cxd4 22.c3 bxc3
23.bxc3 Reb8 24.N3d2 Nc5 25.cxd4 exd4 26.e5 Nxa4 27.Nc4 Rd8 28.Nd6 Qxe5 29.Qxe5 Bxe5
30.Nxf7 Kxf7 31.Rxe5 Nb2 32.Rf1 Nc4 33.Re4 a4 34.Rd1 Rab8 35.Kh2 a3 36.Nxa3 Nxa3
37.Rdxd4 Nb5 38.Rf4+ Kg7 39.Rxd8 Rxd8 40.Rc4 Rd7 41.g3 Nd4 42.Kg2 g5 43.Rc5 Kg6
44.Ra5 Rd6 45.Ra8 h6 46.Rb8 Nf5 47.Rb2 Kf6 48.Ra2 Ne7 49.Rb2 Ng6 50.Rc2 Ne5
51.Ra2 Kf5 52.Rb2 Nd3 53.Ra2 h5 54.Ra5+ Ne5 55.Ra2 Rd1 56.Ra5 Rd2 57.Rb5 Ra2
58.Rb3 Ke4 59.Rb4+ Kd5 60.Rb5+ Kd4 61.Kf1 g4 62.hxg4 hxg4 63.Rb4+ Nc4 64.Rb8 Ra1+
65.Kg2 Ne5 66.Rf8 Re1 67.Rf6 Kd5 68.Rf8 Rc1 69.Rf6 Nd3 70.Rf8 Ne1+ 71.Kf1 Nf3+
72.Ke2 Nd4+ 73.Kd2 Ra1 74.Rf4 Ra2+ 75.Kd1 Kc4 76.Re4 Ra1+ 77.Kd2 Ra2+ 78.Kd1 Ra1+  1/2-1/2

[Event "Moravia-chT 9899"]
[Site "CZE"]
[Date "1998.??.??"]
[Round "1"]
[White "Decka, Eliska"]
[Black "Malis, Jiri"]
[Result "0-1"]
[WhiteElo "2070"]
[BlackElo "2210"]

1.e4 g6 2.d4 Bg7 3.Nc3 c6 4.f4 d5 5.e5 h5 6.Nf3 Nh6 7.Be3 Bf5 8.Be2 e6 9.Qd2 b5
10.g3 Nd7 11.h3 b4 12.Nd1 Qa5 13.Nf2 c5 14.dxc5 Nxc5 15.Bxc5 Qxc5 16.Nd4 Rc8
17.g4 hxg4 18.hxg4 Be4 19.Nxe4 dxe4 20.Qe3 g5 21.Bb5+ Ke7 22.Qxe4 gxf4 23.O-O-O Qxe5
24.Qb7+ Qc7 25.Nc6+ Kf6 26.Qxc7 Rxc7 27.Rhg1 Kg5 28.Nd4 Bxd4 29.Rxd4 Nxg4
30.Rxb4 Rh2 31.Bd3 f5 32.Rb8 f3  0-1

[Event "Moravia-chT 9899"]
[Site "CZE"]
[Date "1998.??.??"]
[Round "4"]
[White "Talla, Vladimir"]
[Black "Karlik, Vladimir"]
[Result "1/2-1/2"]
[WhiteElo "2335"]
[BlackElo "2320"]

1.e4 g6 2.d4 Bg7 3.Nc3 c6 4.f4 d5 5.e5 Nh6 6.Nf3 Bg4 7.h3 Bxf3 8.Qxf3 f6
9.g4 fxe5 10.dxe5 O-O 11.Qg3 Nd7 12.h4 Qc7 13.Bd2 Nxe5 14.fxe5 Bxe5 15.Qh3 Bg3+
16.Kd1 Bf4 17.Be2 Bxd2 18.Kxd2 Qf4+ 19.Qe3 d4 20.Qxf4 Rxf4 21.Bc4+ Kg7 22.Ne2 Rxg4
23.Rag1 Rxg1 24.Rxg1 e5 25.c3 c5 26.cxd4 cxd4 27.h5  1/2-1/2

[Event "CZE-chT 9899"]
[Site "CZE"]
[Date "1998.??.??"]
[Round "4"]
[White "Fuksik, Jakub"]
[Black "Stratil, Ladislav Sr"]
[Result "0-1"]
[WhiteElo "2285"]
[BlackElo "2360"]

1.e4 g6 2.d4 Bg7 3.Nc3 c6 4.Nf3 d6 5.Be3 e6 6.Qd2 h6 7.Bd3 Ne7 8.O-O-O Nd7
9.h3 a6 10.Nh2 d5 11.exd5 cxd5 12.g4 b5 13.f4 Nb6 14.Nf3 Nc4 15.Bxc4 bxc4
16.Na4 Rb8 17.Nc5 Rb5 18.Rdg1 Nc6 19.c3 Qa5 20.Kb1 Qc7 21.Rf1 Ne7 22.Rhg1 Kf8
23.Rg2 Rb6 24.Qc2 Qd8 25.Ne5 Qe8 26.Rgf2 Kg8 27.Rh2 Rh7 28.Qa4 Qxa4 29.Nxa4 Rb5
30.Nc5 f6 31.Nf3 Kf7 32.Kc2 h5 33.Rfh1 Bf8 34.b4 Rb8 35.Bd2 Nc6 36.Re1 hxg4
37.hxg4 Rxh2 38.Nxh2 a5 39.a3 Bxc5 40.bxc5 Rb3 41.Bc1 Bd7 42.Nf3 e5 43.fxe5 Bxg4
44.Re3 Bxf3 45.Rxf3 Nxd4+ 46.cxd4 Rxf3 47.c6 Ke6  0-1

[Event "Moravia-chT 9798"]
[Site "CZE"]
[Date "1998.??.??"]
[Round "11.3"]
[White "Walek, Milan"]
[Black "Simacek, Pavel"]
[Result "1-0"]
[WhiteElo "2325"]
[BlackElo "2320"]

1.e4 g6 2.d4 Bg7 3.Nc3 c6 4.Nf3 d5 5.h3 a6 6.a3 f6 7.Be3 Nh6 8.Qd2 Nf7 9.Bd3 e5
10.g4 c5 11.Nxd5 cxd4 12.Nxd4 exd4 13.Bxd4 O-O 14.Qc3 Ne5 15.O-O-O Nbc6 16.Bb6 Nxd3+
17.Qxd3 Qd6 18.Qe3 Bd7 19.Bc5 Qe6 20.Bxf8 Rxf8 21.Rhe1 Qf7 22.f4 Be6 23.f5 gxf5
24.gxf5 Bc8 25.Rg1 Re8 26.Qf4 Re5 27.Rg3 Kh8 28.Nc3 Bf8 29.Rdg1 Bc5 30.R1g2 Re8
31.Qh6 Bf8 32.Qxf6+  1-0

[Event "POL-ch sf (Women)"]
[Site "Czestochowa"]
[Date "1998.??.??"]
[Round "5"]
[White "Blimke, Dalia"]
[Black "Rutkowska, Mariola"]
[Result "1-0"]
[WhiteElo "2195"]
[BlackElo "2055"]

1.e4 g6 2.d4 Bg7 3.Nc3 c6 4.Be2 d5 5.e5 c5 6.dxc5 d4 7.Nb5 Nc6 8.Nf3 Bg4
9.O-O Bxf3 10.Bxf3 Bxe5 11.Re1 f6 12.Qe2 h5 13.Be4 Kf7 14.Qd3 f5 15.Bxc6 bxc6
16.Rxe5 cxb5 17.Qb3+ Kg7 18.Bg5 a6 19.Rae1 Ra7 20.Qe6 Nf6 21.Qb6  1-0

[Event "Decin op-A"]
[Site "Decin"]
[Date "1998.??.??"]
[Round "2"]
[White "Kernazhitsky, Leonid"]
[Black "Karlik, Vladimir"]
[Result "1/2-1/2"]
[WhiteElo "2425"]
[BlackElo "2305"]

1.e4 g6 2.d4 Bg7 3.Nc3 c6 4.Nf3 d6 5.Be2 Nf6 6.O-O O-O 7.a4 Qc7 8.h3 e5 9.Be3 Nbd7
10.dxe5 dxe5 11.Bc4 Nb6 12.Bb3 Qe7 13.Qe2 Nh5 14.Bg5 Bf6 15.Bh6 Re8 16.Qe3 Be6
17.Bxe6 Qxe6 18.b3 Qe7 19.a5 Nd7 20.Na4 Nf4 21.Rad1 Ne6 22.c3 Ndc5 23.Nxc5 Nxc5
24.b4 Ne6 25.Rd2 Red8 26.Rfd1 Rxd2 27.Rxd2 Qc7 28.Rd3 b6 29.Qd2 Rd8 30.Rxd8+ Qxd8
31.Qa2 Ng5 32.Bxg5 Bxg5 33.axb6 axb6 34.Qc4 b5 35.Qe2 Bf6 36.Qe3 Qd1+ 37.Kh2 Qd6
38.Nd2 Be7 39.Nb3 Qc7 40.Nc5 Qa7 41.Kg3 f6 42.Kf3 Bxc5 43.Qxc5 Qd7 44.Ke3 h5
45.Ke2 Kg7  1/2-1/2

[Event "Decin op-A"]
[Site "Decin"]
[Date "1998.??.??"]
[Round "4"]
[White "Chernyshov, Konstantin"]
[Black "Karlik, Vladimir"]
[Result "1-0"]
[WhiteElo "2485"]
[BlackElo "2305"]

1.e4 g6 2.d4 Bg7 3.Nc3 c6 4.Be3 d5 5.e5 Nh6 6.Qd2 Ng4 7.Bf4 f6 8.exf6 Nxf6
9.Bh6 O-O 10.Bxg7 Kxg7 11.O-O-O Qd6 12.Re1 b5 13.Qe3 Re8 14.Nf3 Nbd7 15.Ne5 Nb6
16.f3 Nc4 17.Bxc4 dxc4 18.h4 h6 19.g4 Nd5 20.Nxd5 cxd5 21.f4  1-0

[Event "Decin op-A"]
[Site "Decin"]
[Date "1998.??.??"]
[Round "7"]
[White "Kolybin, Alexei V"]
[Black "Sergeev, Vladimir"]
[Result "0-1"]
[WhiteElo "2360"]
[BlackElo "2440"]

1.e4 c6 2.d4 g6 3.Nc3 Bg7 4.Nf3 d6 5.Be2 Nf6 6.O-O O-O 7.Re1 a6 8.Bf4 Bg4
9.h3 Bxf3 10.Bxf3 e6 11.Qd2 d5 12.e5 Nfd7 13.Bg5 Qc7 14.Nd1 Rc8 15.Ne3 c5
16.c3 Nc6 17.Ng4 cxd4 18.cxd4 Qb6 19.Rad1 Nb4 20.Be7 Nc6 21.Bg5 Nb4 22.Be7 Nc2
23.Nh6+ Bxh6 24.Qxh6 Kh8 25.Qf4 Nxe1 26.Rxe1 Kg8 27.b3 Rc2 28.Rd1 Qc7 29.Qh6 Kh8
30.Qf4 f5 31.h4 Rc8 32.Kh2 Kg8 33.h5 Nxe5 34.Qxe5 Qxe7 35.Bxd5 Qh4+ 36.Kg1 Qxf2+
37.Kh1 Qh4+ 38.Kg1 exd5 39.Qxd5+ Kg7 40.Qe5+ Kh6 41.Rf1 Qg5  0-1

[Event "Decin op-A"]
[Site "Decin"]
[Date "1998.??.??"]
[Round "8"]
[White "Hausner, Ivan"]
[Black "Mihajlovskij, Sergei"]
[Result "1-0"]
[WhiteElo "2405"]
[BlackElo "2310"]

1.d4 g6 2.e4 Bg7 3.Nc3 c6 4.Nf3 d6 5.Be2 Nf6 6.O-O O-O 7.a4 Qc7 8.Be3 e5
9.dxe5 dxe5 10.a5 Nh5 11.g3 Bh3 12.Re1 h6 13.Nd2 Nf4 14.Bc5 Nxe2+ 15.Qxe2 Re8
16.Nc4 Nd7 17.Bd6 Qd8 18.a6 b6 19.Red1 Qf6 20.Ba3 Nf8 21.Nd6 Reb8 22.Nb1 Ne6
23.c3 Rd8 24.Nd2 Bf8 25.Nb7 Rd7 26.Bxf8 Rxf8 27.Nc4 Ng5 28.Rxd7 Bxd7 29.Nd2 Qe7
30.Re1 Bc8 31.Nc4 h5 32.f3 h4 33.Qe3 Qf6 34.Kf2 Kg7 35.Ke2 hxg3 36.hxg3 Rh8
37.Rf1 Rh2+ 38.Rf2 Rh6 39.Qd3 Nh7 40.Nbd6 Bd7 41.Rf1 Rh2+ 42.Kd1 Rg2 43.Rf2 Rxf2
44.Nxb6 Rxf3 45.Nf5+ Qxf5  1-0

[Event "Dieren op"]
[Site "Dieren"]
[Date "1998.??.??"]
[Round "8"]
[White "Meijers, Viesturs"]
[Black "Hartoch, Robert G"]
[Result "1/2-1/2"]
[WhiteElo "2440"]
[BlackElo "2320"]

1.e4 g6 2.d4 Bg7 3.Nc3 c6 4.Be2 d5 5.Be3 dxe4 6.Nxe4 Nd7 7.Qd2 Ngf6 8.Nc3 Nd5
9.Nxd5 cxd5 10.h4 Nf6 11.h5 Qb6 12.c3 Ne4 13.Qc2 Bf5 14.h6 Bf6 15.Qb3 Qxb3
16.axb3 O-O 17.g4 Bd7 18.Bf3 e6 19.Bxe4 dxe4 20.g5 Be7 21.Ne2 Bc6 22.c4 b5
23.Kd2 bxc4 24.bxc4 a5 25.Nc3 Rfb8 26.Kc2 Rb4 27.d5 exd5 28.cxd5 Bb5 29.Rhd1 Bd3+
30.Kc1 f5 31.gxf6 Bxf6 32.f3 Rc8 33.fxe4 Bxe4 34.Ra3 Rbc4 35.d6 Bf5 36.Rd5 Kf7
37.Kd2 Bxc3+ 38.Rxc3 Rxc3 39.bxc3 Ke8 40.c4 a4 41.Bf4 Kd7 42.Ra5 Rxc4 43.Ra7+ Kc6
44.Be5 Kd5 45.Bf6 Kxd6 46.Rxh7 g5 47.Ra7 Ke6 48.Bxg5 Rd4+ 49.Ke2 Rd7 50.Rxa4 Kf7
51.Ke3 Kg6 52.Bf4 Rd3+ 53.Kf2 Rd7 54.Ra6+ Kh5 55.Be3 Bd3 56.Ra5+ Kg6 57.Kg3 Kh7
58.Kg4 Bc4 59.Re5 Bf7 60.Bf4 Bg8 61.Kh4 Rb7 62.Kg5 Rd7 63.Re6 Rd5+ 64.Be5 Rd7  1/2-1/2

[Event "Centrocoop June op-A"]
[Site "Eforie Nord "]
[Date "1998.??.??"]
[Round "?"]
[White "Romcovici, Victor"]
[Black "Solcanean, Serghei"]
[Result "1/2-1/2"]
[WhiteElo "2205"]
[BlackElo "2265"]

1.d4 g6 2.e4 Bg7 3.Nc3 c6 4.Be3 d5 5.f3 dxe4 6.fxe4 e5 7.d5 Nf6 8.Nf3 O-O
9.Qd2 cxd5 10.exd5 e4 11.Ng1 Ng4 12.O-O-O Nxe3 13.Qxe3 f5 14.Bc4 Nd7 15.d6+ Kh8
16.h3 Ne5 17.Bb3 Bd7 18.Nge2 a5 19.a4 Rc8 20.Rd4 Qh4 21.Rf1 Rc6 22.Kb1 Rfc8  1/2-1/2

[Event "Centrocoop June op-A"]
[Site "Eforie Nord "]
[Date "1998.??.??"]
[Round "?"]
[White "Manea, Alexandru"]
[Black "Terentiev, Anatoli"]
[Result "1-0"]
[WhiteElo "2220"]
[BlackElo "2290"]

1.e4 c6 2.d4 g6 3.Nc3 Bg7 4.Nf3 d5 5.h3 Nf6 6.e5 Ne4 7.Nxe4 dxe4 8.Ng5 c5
9.Bc4 O-O 10.Nxe4 cxd4 11.f4 b5 12.Bd3 Bb7 13.O-O Qb6 14.a4 a6 15.Qe2 Nd7
16.Qf2 Rad8 17.a5 Qc6 18.b4 f6 19.exf6 exf6 20.f5 Rfe8 21.Ng3 g5 22.Nh5 Bf8
23.Rb1 Kf7 24.Bd2 Ne5 25.Rbe1 Nc4 26.Re6 Rxe6 27.fxe6+ Qxe6 28.Bxg5  1-0

[Event "Centrocoop June op-A"]
[Site "Eforie Nord "]
[Date "1998.??.??"]
[Round "?"]
[White "Kurenkov, Nikolai"]
[Black "Tangen Knut, Lenart"]
[Result "1/2-1/2"]
[WhiteElo "2145"]
[BlackElo "2000"]

1.e4 g6 2.d4 Bg7 3.Nc3 c6 4.Be3 d5 5.Nf3 dxe4 6.Nxe4 Bf5 7.Ng3 Nd7 8.Qd2 Qc7
9.Be2 Ngf6 10.Nxf5 gxf5 11.c4 Ne4 12.Qc2 e6 13.O-O O-O-O 14.b4 Kb8 15.Rab1 h5
16.Bd3 Ndf6 17.Bxe4 fxe4 18.Ne5 Ng4 19.Qxe4 f5 20.Qf3 Bxe5 21.dxe5 Nxe5 22.Qf4 Nd3
23.Bxa7+ Kc8 24.Qe3 Qe5 25.f4 Qe4 26.Qxe4 fxe4 27.Be3 Kd7 28.Bd4 Rhf8 29.g3 Ra8
30.Ra1 Ra4 31.a3  1/2-1/2

[Event "Centrocoop June op-A"]
[Site "Eforie Nord "]
[Date "1998.??.??"]
[Round "?"]
[White "Sebe, Florin"]
[Black "Pavlenko, Bogdan"]
[Result "1-0"]
[WhiteElo "2215"]
[BlackElo "2275"]

1.e4 g6 2.d4 Bg7 3.Nc3 c6 4.f4 Qb6 5.Nf3 d5 6.e5 Bg4 7.Be2 Nh6 8.h3 Bxf3
9.Bxf3 Nf5 10.Ne2 h5 11.g4 Nh4 12.O-O hxg4 13.hxg4 Nxf3+ 14.Rxf3 Rh4 15.Rb3 Qa6
16.Rg3 Nd7 17.f5 O-O-O 18.Bg5 Rh7 19.fxg6 fxg6 20.Qd3 Qb6 21.Qb3 Rdh8 22.Qxb6 Nxb6
23.Rf1 Rh1+ 24.Kf2 Rf8+ 25.Nf4 Rxf1+ 26.Kxf1 Nc4 27.Ke2 Rh8 28.Rg2 Rh1 29.Nxg6 e6
30.Bf6 Rc1 31.Bxg7 Rxc2+ 32.Kf3 Rxg2 33.Kxg2 Ne3+ 34.Kh3 Nc2 35.Nf4 Nxd4
36.Bf6 c5 37.g5 Nf5 38.g6 d4 39.g7 Nh6 40.Bg5 Ng8 41.Nxe6 b6 42.Nf8 c4 43.Ng6 c3
44.bxc3 dxc3 45.Ne7+  1-0

[Event "Centrocoop June op-A"]
[Site "Eforie Nord "]
[Date "1998.??.??"]
[Round "?"]
[White "Sebe, Florin"]
[Black "Svetushkin, Dmitry"]
[Result "1/2-1/2"]
[WhiteElo "2215"]
[BlackElo "2415"]

1.e4 g6 2.d4 Bg7 3.Nc3 c6 4.f4 d5 5.e5 Nh6 6.Nf3 Bg4 7.h3 Bxf3 8.Qxf3 Qb6
9.Ne2 f6 10.g4 fxe5 11.fxe5 Nd7 12.Qb3 Nf8 13.Qxb6 axb6 14.Nf4 Nf7 15.Bd3 Bh6
16.c3 Kd7 17.O-O Ne6 18.a3 Bxf4 19.Bxf4 Nxf4 20.Rxf4 Ng5 21.Kg2 Raf8 22.Raf1 Ne6
23.Rxf8 Rxf8 24.Rxf8 Nxf8 25.Kf3 c5 26.h4 h6 27.h5 g5 28.Bf5+ Kc6 29.Ke3 b5
30.Kd3 cxd4 31.Kxd4 e6 32.Bg6 Kd7 33.Bd3 Kc6 34.Bg6 Kd7  1/2-1/2

[Event "Centrocoop June op-A"]
[Site "Eforie Nord "]
[Date "1998.??.??"]
[Round "?"]
[White "Ghinda, Mihail Viorel"]
[Black "Nanu, Ciprian"]
[Result "0-1"]
[WhiteElo "2470"]
[BlackElo "2325"]

1.e4 g6 2.d4 Bg7 3.Nc3 c6 4.f4 d5 5.e5 h5 6.Nf3 Bg4 7.Be2 Nh6 8.Be3 Na6 9.h3 Nf5
10.Bf2 Bxf3 11.Bxf3 h4 12.Ne2 Nc7 13.O-O Bf8 14.b3 e6 15.c4 b6 16.Qc2 Rc8
17.b4 Bxb4 18.Qa4 Ba5 19.Rfc1 Ne7 20.Qa3 dxc4 21.Rxc4 Ncd5 22.Rac1 b5 23.R4c2 Bb6
24.Kh1 Qd7 25.Be4 a5 26.Qf3 Rc7 27.a3 Kf8 28.Nc3 Nxc3 29.Qxc3 Nd5 30.Qf3 Rc8
31.Qg4 Bd8 32.Bxd5 Qxd5 33.Rc5 Qa2 34.R1c2 Qb1+ 35.Kh2 Be7 36.Rc1 Qf5 37.Rxb5 Bxa3
38.Rc4 Qd3 39.Rxa5 Qxc4 40.Rxa3 Rh5 41.Ra5 Rb8 42.Rc5 Qf1 43.Bxh4 Rb1 44.Bg5 Qg1+  0-1

[Event "Centrocoop Sept op-A"]
[Site "Eforie Nord"]
[Date "1998.??.??"]
[Round "?"]
[White "Potkin, Alexey V"]
[Black "Sanduleac, Vasile"]
[Result "0-1"]
[WhiteElo "2325"]
[BlackElo "2460"]

1.e4 g6 2.d4 Bg7 3.Nc3 c6 4.Nf3 d5 5.h3 Nf6 6.Bd3 dxe4 7.Nxe4 Nxe4 8.Bxe4 Be6
9.O-O Bd5 10.Qe2 Bxe4 11.Qxe4 Nd7 12.Re1 e6 13.c3 O-O 14.Bf4 Qb6 15.Qc2 Nf6
16.Ne5 c5 17.dxc5 Qxc5 18.Rad1 Rfd8 19.Qe2 Nd5 20.Bg3 Qe7 21.c4 Nb4 22.a3 Nc6
23.Nxc6 bxc6 24.Be5 a5 25.Bxg7 Kxg7 26.Qe5+ Qf6 27.Qxf6+ Kxf6 28.b4 axb4
29.axb4 Rdb8 30.Rd6 Rxb4 31.Rxc6 Ra2 32.h4 Rc2 33.g3 Rbb2 34.Rf1 h5 35.Ra6 Kf5
36.Ra3 e5 37.Rf3+ Ke6 38.Ra1 Rb6 39.Re1 Rxc4 40.Rfe3 f6 41.R1e2 Rc5 42.Ra3 Rc1+
43.Kg2 Rbb1 44.Ra6+ Kf5 45.Ra4 Rg1+ 46.Kf3 g5 47.hxg5 fxg5 48.Ra5 g4+ 49.Ke3 Rgd1
50.Rc2 Rd4 51.Ke2 Re4+ 52.Kd3 Rd1+ 53.Kc3 Rd8 54.Rc5 Re1 55.Rc4 Rd5 56.Rd2 Rc1+
57.Rc2 Rxc2+ 58.Kxc2 Rd4 59.Rc3 h4 60.gxh4 Rf4  0-1

[Event "Centrocoop Sept op-A"]
[Site "Eforie Nord"]
[Date "1998.??.??"]
[Round "?"]
[White "Danin, Alexandre"]
[Black "Verlan, Sergei"]
[Result "0-1"]
[WhiteElo "1750"]
[BlackElo "2300"]

1.e4 g6 2.d4 Bg7 3.Nc3 c6 4.f4 d5 5.e5 Nh6 6.Nf3 f6 7.Bd3 O-O 8.O-O Bg4 9.Ne2 Qb6
10.c3 c5 11.Qb3 c4 12.Qxb6 axb6 13.Bc2 Nc6 14.Ng3 Bxf3 15.Rxf3 e6 16.Bd2 b5
17.Rff1 Ra6 18.a3 Nf7 19.Rae1 Ne7 20.Re2 Nc8 21.Rfe1 Nd8 22.Bc1 Nb6 23.Nh1 Na4
24.Nf2 f5 25.g3 Nc6 26.Kg2 Rfa8 27.Nd1 Bf8 28.Kf3 Be7 29.h3 Kf7 30.Rh1 b4
31.axb4 Bxb4 32.cxb4 Nxd4+ 33.Ke3 Nxe2 34.Kxe2 d4 35.Kd2 Nb6 36.b3 c3+ 37.Kd3 Ra2
38.Bb1 Ra1 39.Kc2 Nd5 40.Bb2 Nxb4+ 41.Kc1 Nd3+ 42.Kc2 Nxb2 43.Nxb2 cxb2 44.Kxb2 R8a2+
45.Kc1 d3 46.Rd1 Rc2+  0-1

[Event "Centrocoop Sept op-A"]
[Site "Eforie Nord"]
[Date "1998.??.??"]
[Round "?"]
[White "Parligras, Mircea"]
[Black "Sanduleac, Vasile"]
[Result "1/2-1/2"]
[WhiteElo "2375"]
[BlackElo "2460"]

1.e4 g6 2.d4 Bg7 3.Nc3 c6 4.f4 d5 5.e5 Nh6 6.Nf3 Bg4 7.Be3 Qb6 8.Rb1 Na6
9.Be2 Nc7 10.Na4 Qa5+ 11.c3 Ne6 12.b4 Qc7 13.g3 Nf5 14.Bf2 O-O 15.h3 Bxf3
16.Bxf3 f6 17.O-O fxe5 18.fxe5 Bh6 19.Bg2 Be3 20.Qd3 Bxf2+ 21.Rxf2 Rf7 22.h4 Raf8
23.Rbf1 b5 24.Nc5 Nxc5 25.bxc5 e6 26.Bh3 Qd8 27.Kh2 Qa5 28.Qd2 Qd8 29.Qd3 Qe7
30.Qd2 Kg7 31.Qd3 h5 32.Qd2 a5 33.a3 Rb8 34.Rf4 Rbf8 35.R4f2 Nh6 36.Rxf7+ Rxf7
37.Rxf7+ Nxf7 38.Qf4 Nh6 39.Qf3 Nf7 40.Qf4 g5 41.hxg5 Nxg5 42.Bg2 Nf7  1/2-1/2

[Event "Centrocoop Sept op-A"]
[Site "Eforie Nord"]
[Date "1998.??.??"]
[Round "?"]
[White "Grigore, Nicolae Petre"]
[Black "Nanu, Ciprian"]
[Result "1-0"]
[WhiteElo "2265"]
[BlackElo "2405"]

1.e4 g6 2.d4 Bg7 3.Nc3 c6 4.f4 d5 5.e5 h5 6.Nf3 Nh6 7.Bd3 Na6 8.a3 Nc7 9.O-O Bf5
10.Ne2 Bxd3 11.Qxd3 Nf5 12.b3 Qd7 13.Bb2 h4 14.c4 Bh6 15.c5 O-O-O 16.b4 Rdg8
17.Bc1 f6 18.a4 Rf8 19.Rb1 g5 20.exf6 exf6 21.b5 g4 22.bxc6 bxc6 23.Ne1 Qe6
24.Nc3 Re8 25.Nc2 Ng7 26.Nb4 Qf5 27.Qxf5+ Nxf5 28.Nxc6 a6 29.Na7+ Kd8 30.Rb8+ Kd7
31.Rb7 Kd8 32.Rb8+ Kd7 33.Rb7 Kd8 34.Ba3 Bf8 35.Rb8+ Ke7 36.Rb7 Kd8 37.Rb8+ Ke7
38.Re1+ Kf7 39.Rexe8 Nxe8 40.Nxd5 Nxd4 41.Kf1 Rh5 42.Rxe8 Rxd5 43.Rxf8+ Kxf8
44.c6+ Ke8 45.Bb2  1-0

[Event "Eger Agria op"]
[Site "Eger Agria"]
[Date "1998.??.??"]
[Round "5"]
[White "Kerek, Krisztian"]
[Black "Kopisch, Martin"]
[Result "1-0"]
[WhiteElo "2335"]
[BlackElo "2200"]

1.e4 c6 2.d4 g6 3.Nc3 Bg7 4.Nf3 d5 5.h3 h5 6.Bf4 Nh6 7.Qd2 dxe4 8.Nxe4 Bf5
9.Bd3 Nd7 10.O-O Bxe4 11.Bxe4 Nf6 12.Bd3 Nf5 13.Bxf5 gxf5 14.Be5 e6 15.c4 Ne4
16.Qc2 Rg8 17.Rad1 Bxe5 18.dxe5 Qc7 19.Qa4 Kf8 20.Qa3+ Kg7 21.Qe3 Rad8 22.Nd4 c5
23.Nb5 Qxe5 24.f3 Qg3 25.Qe2 Ng5 26.Kh1 a6 27.Nc3 Rd4 28.f4 Rxf4 29.Qe5+  1-0

[Event "FIN-chT 9798"]
[Site "Finland"]
[Date "1998.??.??"]
[Round "6"]
[White "Lehtinen, Heikki"]
[Black "Lindstedt, Johan"]
[Result "1-0"]
[WhiteElo "2205"]
[BlackElo "2305"]

1.d4 g6 2.e4 Bg7 3.Nc3 c6 4.Be3 d6 5.Qd2 Nd7 6.f3 b5 7.a4 Qa5 8.Bd3 Nb6 9.b3 b4
10.Nd1 Nf6 11.Ne2 O-O 12.Bh6 c5 13.Bxg7 Kxg7 14.d5 e6 15.dxe6 Bxe6 16.Ne3 c4
17.Bxc4 Bxc4 18.bxc4 Qc5 19.Qd3 Rac8 20.Kd2 Qg5 21.Ke1 Rc5 22.f4 Qh5 23.Qd4 Re8
24.e5 Nfd7 25.Qxd6 Nxe5 26.Ng3 Nd3+ 27.cxd3 Qh4 28.Qxc5 Qxf4 29.Kd2 Nd7 30.Qxa7 Qe5
31.Rac1 b3 32.Ne4 Qb2+ 33.Kd1  1-0

[Event "BCF-chT2 97/98"]
[Site "GBR"]
[Date "1998.??.??"]
[Round "9"]
[White "Vaughan, David"]
[Black "Grossett, Duncan"]
[Result "0-1"]
[WhiteElo "2050"]
[BlackElo "1910"]

1.d4 g6 2.e4 Bg7 3.Nc3 c6 4.Nf3 d5 5.exd5 cxd5 6.Bb5+ Nc6 7.Ne5 Bd7 8.Bxc6 bxc6
9.O-O c5 10.Nxd5 cxd4 11.Qxd4 Be6 12.c4 Nf6 13.Rd1 Ng4 14.Bf4 g5 15.Qc5 Nxe5
16.Nc7+ Qxc7 17.Qxc7 gxf4 18.Re1 Rc8 19.Qxa7 O-O 20.Qxe7 f3 21.Qg5 h6 22.Qg3 Rxc4
23.Rxe5 Rg4 24.Qxg4 Bxg4 25.Re4 Be6 26.Rb4 Rd8 27.a4 Rd2 28.gxf3 Bh3 29.Rh4 Be6
30.a5 Bxb2 31.Raa4 Bd5 32.Kg2 Rd3 33.Rhg4+ Kf8 34.Rg3 Bb3 35.Rb4 Be5 36.Rh3 Be6
37.Rxh6 Ra3 38.Rh5 Rxa5 39.h3 Rd5 40.f4  0-1

[Event "Oberliga Sued W9798"]
[Site "GER"]
[Date "1998.??.??"]
[Round "?"]
[White "Mueller, Georg"]
[Black "Trumm, Achim"]
[Result "1-0"]
[WhiteElo "2090"]
[BlackElo "2080"]

1.e4 g6 2.d4 Bg7 3.Nc3 c6 4.Bc4 b5 5.Bb3 e6 6.Nf3 Nh6 7.Bg5 f6 8.Bf4 a5 9.a3 Bb7
10.O-O Nf7 11.d5 exd5 12.exd5 O-O 13.Re1 Na6 14.Qd2 b4 15.axb4 axb4 16.Na4 c5
17.d6 Rc8 18.Bc4 Kh8 19.Re7 Ne5 20.Nxe5 fxe5 21.Bh6 Bf6 22.Bxf8 Qxf8 23.Rf7 Qg8
24.Nb6  1-0

[Event "Oberliga Sued W9798"]
[Site "GER"]
[Date "1998.??.??"]
[Round "?"]
[White "Krieger, Hermann"]
[Black "Biegler, Helmut"]
[Result "1-0"]
[WhiteElo "2180"]
[BlackElo "2045"]

1.e4 g6 2.d4 Bg7 3.Nc3 c6 4.Be3 d5 5.exd5 cxd5 6.Nf3 Nh6 7.Bb5+ Bd7 8.Bxd7+ Qxd7
9.Ne5 Qe6 10.O-O O-O 11.Re1 Nf5 12.Bf4 Nc6 13.Nb5 Qc8 14.g4 Nh6 15.h3 Kh8
16.c3 a6 17.Nc7 Ra7 18.Nxd5 e6 19.Nb6 Qd8 20.Nbd7 Nxe5 21.dxe5 Re8 22.Qd4 Ra8
23.Rad1 Qh4 24.Qe3 Nxg4 25.hxg4 Qxg4+ 26.Qg3 Qf5 27.Nf6 Red8 28.Qh4 h5 29.Nxh5 Qxh5
30.Rxd8+ Rxd8 31.Qxd8+ Kh7 32.Qg5 Qf3 33.Re3  1-0

[Event "Oberliga Ost A9899"]
[Site "GER"]
[Date "1998.??.??"]
[Round "?"]
[White "Madl, Ildiko"]
[Black "Heinatz, Thomas"]
[Result "1-0"]
[WhiteElo "2410"]
[BlackElo "2320"]

1.e4 g6 2.d4 Bg7 3.Nc3 c6 4.Bc4 d6 5.Qf3 e6 6.Nge2 Nd7 7.Bb3 Ngf6 8.Bg5 e5
9.O-O O-O 10.Rad1 Qe7 11.Qe3 Re8 12.h3 Qf8 13.dxe5 dxe5 14.f4 h6 15.fxe5 hxg5
16.exf6 Bh6 17.g4 Qc5 18.Bxf7+  1-0